Hướng dẫn tự học CorelDRAW 11 bằng hình

সংরক্ষণ করুন:
গ্রন্থ-পঞ্জীর বিবরন
প্রধান লেখক: Trần, Văn Minh
বিন্যাস: গ্রন্থ
ভাষা:Undetermined
প্রকাশিত: Hà Nội Thống Kê 2002
বিষয়গুলি:
ট্যাগগুলো: ট্যাগ যুক্ত করুন
কোনো ট্যাগ নেই, প্রথমজন হিসাবে ট্যাগ করুন!
Thư viện lưu trữ: Trung tâm Học liệu Trường Đại học Cần Thơ
LEADER 00632nam a2200217Ia 4500
001 CTU_54101
008 210402s9999 xx 000 0 und d
020 |b 52000 
020 |c 52000 
082 |a 006.68 
082 |b M312 
100 |a Trần, Văn Minh 
245 0 |a Hướng dẫn tự học CorelDRAW 11 bằng hình 
245 0 |c Trần Văn Minh 
260 |a Hà Nội 
260 |b Thống Kê 
260 |c 2002 
650 |a Coreldraw ( computer programs ),Computer graphics 
650 |x Computer programs 
904 |i Huỳnh Mai 
980 |a Trung tâm Học liệu Trường Đại học Cần Thơ